LEADER 01271nam0-22003011i-450- 001 990001611110403321 005 20111024170845.0 035 $a000161111 035 $aFED01000161111 035 $a(Aleph)000161111FED01 035 $a000161111 100 $a20030910d1889----km-y0itay50------ba 101 0 $aita 102 $aIT 200 1 $aRaccolta delle misure, pesi e monete attuali dei principali paesi del mondo ed antiche misure, pesi e monete dei comuni italiani, ragguagliati al Sistema metrico decimale ed al SistemamMonetario della Lega latina$epeso e titolo delle monete d'oro e d'argento dei principali paesi del mondo$enozioni pratiche bancarie$fG. Pianese, L. Villani 210 $aTorino$cParavia$d1889 215 $a288 p.$d15 cm 610 0 $aMetrologia 676 $a389 700 1$aPianese,$bGennaro$068512 701 1$aVillani,$bLuigi$0442206 801 0$aIT$bUNINA$gRICA$2UNIMARC 901 $aBK 912 $a990001611110403321 952 $a60 332.41 C 1$b2751$fFAGBC 959 $aFAGBC 996 $aRaccolta delle misure, pesi e monete attuali dei principali paesi del mondo ed antiche misure, pesi e monete dei comuni italiani, ragguagliati al Sistema metrico decimale ed al SistemamMonetario della Lega latina$9368831 997 $aUNINA LEADER 02378nam 2200577Ia 450 001 9910460302203321 005 20200520144314.0 010 $a1-282-72595-5 010 $a9786612725951 010 $a0-8203-2714-X 035 $a(CKB)2670000000040775 035 $a(EBL)3038875 035 $a(SSID)ssj0000422559 035 $a(PQKBManifestationID)11289430 035 $a(PQKBTitleCode)TC0000422559 035 $a(PQKBWorkID)10416197 035 $a(PQKB)11658185 035 $a(MiAaPQ)EBC3038875 035 $a(OCoLC)656855720 035 $a(MdBmJHUP)muse14463 035 $a(Au-PeEL)EBL3038875 035 $a(CaPaEBR)ebr10405173 035 $a(CaONFJC)MIL272595 035 $a(EXLCZ)992670000000040775 100 $a20020417e20021991 uy 0 101 0 $aeng 135 $aur|n|---||||| 181 $ctxt 182 $cc 183 $acr 200 10$aMan in the landscape$b[electronic resource] $ea historic view of the esthetics of nature /$fPaul Shepard; with a new foreword by Dave Foreman 210 $aAthens, GA $cUniversity of Georgia Press$d2002 215 $a1 online resource (342 p.) 300 $aOriginally published: 2nd ed. College Station : Texas A&M University Press, c1991, in series: Environmental history series. 311 $a0-8203-2440-X 320 $aIncludes bibliographical references (p. [275]-290) and index. 327 $a""CONTENTS""; ""FOREWORD""; ""PREFACE""; ""PREFACE TO FIRST EDITION""; ""INTRODUCTION""; ""CHAPTER ONE: THE EYE""; ""CHAPTER TWO: A SENSE OF PLACE""; ""CHAPTER THREE: THE IMAGE OF THE GARDEN""; ""CHAPTER FOUR: THE ITINERANT EYE""; ""CHAPTER FIVE: THE VIRGIN DREAM""; ""CHAPTER SIX: FELLOW CREATURES""; ""CHAPTER SEVEN: VARIETIES OF NATURE HATING""; ""CHAPTER EIGHT: THE AMERICAN WEST""; ""SOURCES AND REFERENCES""; ""INDEX""; ""A""; ""B""; ""C""; ""D""; ""E""; ""F""; ""G""; ""H""; ""I""; ""J""; ""K""; ""L""; ""M""; ""N""; ""O""; ""P""; ""R""; ""S""; ""T""; ""V""; ""W""; ""Y"" 606 $aNature (Aesthetics) 606 $aAesthetics 608 $aElectronic books. 615 0$aNature (Aesthetics) 615 0$aAesthetics. 676 $a111/.85 700 $aShepard$b Paul$f1925-$0883413 801 0$bMiAaPQ 801 1$bMiAaPQ 801 2$bMiAaPQ 906 $aBOOK 912 $a9910460302203321 996 $aMan in the landscape$92047868 997 $aUNINA